Normal view
MARC view
- Seerat(S.W)
Entry Topical Term
001 - CONTROL NUMBER
- control field: 109959
003 - CONTROL NUMBER IDENTIFIER
- control field: NUST
005 - DATE AND TIME OF LATEST TRANSACTION
- control field: 20230307141212.0
008 - FIXED-LENGTH DATA ELEMENTS
- fixed length control field: 230307|| aca||aabn | a|a d
040 ## - CATALOGING SOURCE
- Original cataloging agency: NUST
- Transcribing agency: NUST
150 ## - HEADING--TOPICAL TERM
- Topical term or geographic name entry element: Seerat(S.W)
670 ## - SOURCE DATA FOUND
- Source citation: Work cat.: (NUST)187790: Hussani,Mohammad Zahid 109958, Rehmatt-e- Kainaat /
